Greatest non UFC champions - Statistics

General Stats
  • This quiz has been taken 8 times
    7 since last reset
  • The average score is 49 of 260
Answer Stats
Hint Answer % Correct
Rumble Anthony Johnson
71%
bigfoot Antonio Silva
71%
T-city Brian Ortega
71%
diamond dustin poirier
71%
the king Erik Silva
71%
lord Jean Silva
71%
Stockton Nate Diaz
71%
Stockton Nick Diaz
71%
O monstoro Thiago Silva
71%
Axe Murderer Wanderlei Silva
71%
Soldier of god Yoel Romero
71%
Lionheart Anthony Smith
57%
American Gangster Chael Sonnen
57%
le cung le
57%
Bon Gamin cyril gane
57%
Hangman Dan Hooker
57%
Maia Demian Maia
57%
Black Beast Derek Lewis
57%
colossus James Thompson
57%
Gamebred Jorge Masvidal
57%
The Menace Michael Johnson
57%
smith patrick smith
57%
eraser Paulo Costa
57%
wonderboy Stephen Thompson
57%
california kid Uriah Faber
57%
Funky Ben Askren
43%
Bo Pickle Bo Nickal
43%
the truth Brandon Vera
43%
korean zombie Chang Sung Jung
43%
Chaos colby covington
43%
sandman Corey Sandhagen
43%
Hendo dan henderson
43%
Tank David Abbott
43%
Cowboy Donald Cerrone
43%
durhino Gilbert Burns
43%
benavidez joseph benavidez
43%
highlight justin gaethje
43%
kelvin Kelvin Gastellum
43%
Kimbo slice kevin ferguson
43%
Super Samoan Mark Hunt
43%
Chito Marlon Vera
43%
immortal Matt Brown
43%
pitbull Patricio Pitbull
43%
Money moicano renato moicano
43%
bambam Tai Tuivasa
43%
El Cucuy tony ferguson
43%
Mauler Alexander gustafsson
29%
demolition man Alistair Overeem
29%
Minotauro antonio rodrigo nogueira
29%
Lil Nog Antonio Rogerio Nogueira
29%
God of war Benoit saint Denis
29%
Raw Dawg Brandon Royval
29%
Thug Nasty Bryce Mitchell
29%
the natural Caio Borralho
29%
shoten caol uno
29%
Natural Born Killer Carlos Condit
29%
cheick Cheick Kongo
29%
Razor Curtis Blaydes
29%
the outlaw Dan Hardy
29%
gorilla Darren till
29%
nightmare diego sanchez
29%
Dominator Dominick reyes
29%
the predator don frye
29%
the maniac hispanic eddie sanchez
29%
tanner evan tanner
29%
Prince of war Greg Hardy
29%
Bigi Boy Jairzinho Rozenstruik
29%
jake jake shields
29%
killa gorlilla Jared Cannonier
29%
A-10 Jim Miller
29%
new mansa Joaquin Buckley
29%
The Magician John Dodson
29%
Rubberman Johnny Walker
29%
CC0 Josh Emmet
29%
kos Josh Koscheck
29%
don't blink Kai Kara France
29%
KenFlo Kenny Florian
29%
kevin kevin jackson
29%
The Mototown phenom kevin lee
29%
the italian dream marvin vettori
29%
Iron Michael Chandler
29%
michael michael morales
29%
Venom Michael Page
29%
cro cop Mirko cro cop
29%
movsar Movsar Evloev
29%
osp Ovince ST Preux
29%
pitbull patricky pitbull
29%
RDA Rafael dos anjos
29%
The tazmexican devil Ray Borg
29%
Babalu Renato Sobral
29%
Jacare Ronaldo Souza
29%
Red King Rory Macdonald
29%
Darth Ryan Bader
29%
Thales Thales Leites
29%
Marreta Thiago Santos
29%
umar umar nurmagomedov
29%
usman usman nurmagomedov
29%
valter valter walker
29%
thunder Yushin Okami
29%
ZaBeast zabit magomedsharipov
29%
Grim Aleksander Emelianenko
14%
Drago Alexander Volkov
14%
raging al laquinta
14%
hardonk antoni hardonk
14%
Ahalkalakets Arman Tsarukyan
14%
almighty arnold allen
14%
big brown Brendan Schaub
14%
the butcher bryan battle
14%
the nightmare Carlos Prates
14%
alpha cat zingano
14%
the crippler Chris Leben
14%
the carpenter clay guida
14%
the beast dan severn
14%
Dennis Dennis Siver
14%
the one Derek Brunson
14%
El Brabo Diego Lopes
14%
wineland eddie wineland
14%
the king of rock n rumble elvis sinosic
14%
Last emperor Fedor Emelianenko
14%
twinkle toes frank trigg
14%
Conviction Gina Carrano
14%
gunni gunnar nelson
14%
Unreal Hermes Franca
14%
the future Ian Garry
14%
houdini igor zinoviev
14%
the joker Jack Hermansson
14%
Malhadinho jailton almeida
14%
Gumby Jeremy Horn
14%
Lil Heathens Jeremy Stephens
14%
machine john lober
14%
the punk josh thomson
14%
gracie hunter kazushi sakuraba
14%
yakuza kenichi yamamoto
14%
Kimo Kimo Leopoldo
14%
Girlrilla Liz Carmouche
14%
Matt Matt Hamil
14%
the law Matt Lindland
14%
the law matt lindland
14%
maverick michael chiesa
14%
Platinum Mike Perry
14%
King mo Muhammed Lawal
14%
the great Nate Marquardt
14%
Rock Nate Quarry
14%
the predator patrick cote
14%
Mr. Wonderful phil davis
14%
royce royce gracie
14%
big country Roy Nelson
14%
supersage sage northcutt
14%
White Ganu Sergei Pavlovich
14%
the phenom sergio pettis
14%
bullet shara magomedov
14%
nomad Shavkat Rakhmonov
14%
Skyscraper Stefan Struve
14%
judson Steve Judson
14%
Pitbull Thiago Alves
14%
duffman Todd Duffee
14%
Hapa Travis Browne
14%
prime time Uriah Hall
14%
El Pantera yair rodriguez
14%
yukisora yuki kondo
14%
mercenary A J MCkee
0%
the talent alan belcher
0%
rocket aleksander rakic
0%
amandinha Amanda Lemos
0%
Benny Beneil Dariush
0%
big ben Ben Rothwell
0%
pitbull Bethe Corriea
0%
bobby Bobby Lashley
0%
south bobby southworth
0%
the beast Bob Sapp
0%
brad Brad Kohler
0%
Fury brian johnston
0%
all american brian stann
0%
Money Chad Mendes
0%
Rough chuck chuck parmlee
0%
Beastin 25/8 Corey Anderson
0%
the bull dan bobish
0%
the saint Darrell Horcher
0%
super korean dennis kang
0%
phenom douglas lima
0%
Junior Edson Barboza
0%
Yamato Damashii Enson Inoue
0%
naopao Gabriel Gonzaga
0%
the giant gan mcgee
0%
Big Daddy Gary Goodridge
0%
Gerard Gerard Gordeau
0%
El Nino gilbert melendez
0%
Hurricane Gilbert Yvel
0%
the bully Gray Maynard
0%
the sandman guy mezger
0%
showeather Hector Lombard
0%
yoshida Hidehiko Yoshida
0%
assassin Houston Alexander
0%
the machine ian freeman
0%
Uncle Creepy Ian Mccall
0%
Ice Cold Igor Vovchanchyn
0%
the juggernaut jake ellenberger
0%
the sandman james irvin
0%
snowman Jeff Monson
0%
jerry jerry bohlander
0%
JT money Jesse Taylor
0%
poster boy jimi manuwa
0%
J-lau Joe Lauzon
0%
the comercial break Jon Fitch
0%
the hammer Justin eilers
0%
the insane one justin MC Cully
0%
the war horse Kahlil Rountree
0%
the heat kairo parisyan
0%
ol iron head kazuyki fujita
0%
the giant killer keith hackney
0%
Dean of mean Keith Jardine
0%
da spyder kendall grove
0%
the worlds most dangerous man ken shamrock
0%
the polish experiment Krzysztof Soszynski
0%
The Miracle Lerone Murphy
0%
king of the streets marco ruas
0%
big baby marcus jones
0%
the smashing machine mark kerr
0%
the beastman marvin eastman
0%
meathead Matt Mitrione
0%
one shot mauricio ruffy
0%
the young assassin melvin guillard
0%
no mercy melvin manhoef
0%
ninja Murillo Rua
0%
The Haitian Sensation neil magny
0%
russian bear oleg taktarov
0%
pat Pat Barry
0%
no love Patchy mix
0%
Paul Paul Buentello
0%
the polar bear paul varleans
0%
the rock Pedro Rizzo
0%
drago pete sell
0%
el duro pete williams
0%
the new York bad ass Phil Baroni
0%
Feijao rafael cavalcante
0%
African Assassin Rameau Thierry Sokoudjou
0%
chiwiwis raul rojas
0%
RdR reinier dr ridder
0%
tiger Ricardo Arona
0%
Russian Hammer Roman Renzoff
0%
H20 ron waterman
0%
hands of stone sam stout
0%
pitbull scott ferrozzo
0%
hightower semmy schilt
0%
Paratrooper Sergei Kharitonov
0%
the silver back seth petruzelli
0%
The Engineer shane carwin
0%
Tobikan Judan shinya aoki
0%
Mr. international shonie carter
0%
the king spencer fisher
0%
American Psycho Stephan Bonnar
0%
ninja cop steve jennum
0%
fireball kid takanori gomi
0%
The barbarian Tim Boetsch
0%
Tim Tim Kennedy
0%
vernon vernon white
0%
Carcara virna jandrioba
0%
Salsa Boy Waldo cortes acosta
0%
cabbage Wesley Correira
0%
Ill Will Brooks
0%
No matching quizzes found
Score Distribution
Percent of People with Each Score
Percentile by Number Answered
Your Score History
You have not taken this quiz since the last reset